000 00907na a2200277 4500
001 13578
003 MIRAKIL
005 20181213155227.0
008 160817b tu 000 0
020 _a975160401X
035 _a13578
040 _aMilas
_btur
_cTR-AnCHP
082 _aATA 923.156
_bA72n 1991
090 _aATA 923.156 A72n 1991
100 _aAtatürk, Mustafa Kemal
_d1881-1838
245 _aNutuk
_b1919-1927
_cMustafa Kemal Atatürk ; hazırlayan: Zeynep Korkmaz
260 _aAnkara
_bAtatürk Araştırma Merkezi
_c1991
300 _axxv, 638 s.
_bhrt.
_c24 sm.
504 _aDizin var.
600 _aAtatürk, Mustafa Kemal
_d1881-1938
_xSöylev ve demeçler
600 _aAtatürk, Mustafa Kemal
_d1881-1938
_xSiyasal ve sosyal görüşler
650 _aAtatürk devrimleri
_zTürkiye
651 _aTürkiye
_xSiyaset ve yönetim
700 _aKorkmaz, Zeynep
942 _2ddc
_cBKS
999 _c8896
_d8896